000 01303cam a22003017a 4500
001 17510477
005 20221017165424.0
008 121026s2012 nyua 001 0 eng d
010 _a 2012451427
020 _a9781606524169 (pbk.)
020 _a9781554750832 (hardcover)
035 _a(OCoLC)ocn779185794
040 _aPNX
_beng
_cPNX
_dOCLCQ
_dCZA
_dBTCTA
_dBDX
_dM$K
_dOCLCO
_dDLC
042 _alccopycat
050 0 0 _aRB127
_b.F65 2012
082 0 4 _a616.0472,FOL
_223
100 1 _aFoltz-Gray, Dorothy.
_9100544
245 1 0 _aMake pain disappear :
_bproven strategies to get the relief you need /
_cDorothy Foltz-Gray.
260 _aNew York ;
_aMontreal :
_bReader's Digest,
_cc2012.
300 _a352 p. :
_bcol. ill. ;
_c26 cm.
505 _aPart 1: The Trurh about Pain (Page-119), Part 2; Six Steps to Pain Free Living (Page-138), Part 3: Healing your Pain (Page-175), Part 4: Exercise for pain Relief (Page-292), Part 5; Tools and Resources (Page-335).
650 0 _aChronic pain
_vPopular works.
_9100545
650 0 _aChronic pain
_xTreatment
_vPopular works.
_9100546
650 0 _aChronic pain
_xAlternative treatment
_vPopular works.
_9100547
906 _a7
_bcbc
_ccopycat
_d3
_encip
_f20
_gy-gencatlg
942 _2ddc
_cBK
999 _c591882
_d591882